| 000 | 00695cam a22002293a 4500 | ||
|---|---|---|---|
| 001 | 15968 | ||
| 003 | PGUSA | ||
| 005 | 20140828083336.0 | ||
| 008 | 050601s2005||||xxu|||||s|||||000 | eng d | ||
| 040 |
_aPGUSA _beng |
||
| 042 | _adc | ||
| 050 | 4 | _aBL | |
| 100 | 1 |
_aEnglish, George Bethune, _d1787-1828 |
|
| 245 | 1 | 4 |
_aThe Grounds of Christianity Examined by Comparing The New Testament with the Old _h[electronic resource] / _cGeorge Bethune English |
| 260 |
_bProject Gutenberg, _c2005 |
||
| 506 | _aPublic domain in the USA. | ||
| 516 | _aElectronic text | ||
| 653 | _aRationalism | ||
| 830 | 0 |
_aProject Gutenberg _v15968 |
|
| 856 | 4 | 0 | _uhttp://www.gutenberg.org/ebooks/15968 |
| 942 | _cEB | ||
| 999 |
_c245223 _d245223 |
||